| 000 | 01114nam a22001697a 4500 | ||
|---|---|---|---|
| 003 | SGT | ||
| 020 | _a9788131758915 | ||
| 082 | _a531,GOL | ||
| 100 | _aGOLDSTEIN,HERBERT | ||
| 245 | _aCLASSICAL MECHANICS | ||
| 250 | _a3RD | ||
| 260 |
_aNEW DELHI _bPEARSON _c2016 |
||
| 300 | _a646 | ||
| 650 | _aCLASSICAL MECHANICS, PHYSICS | ||
| 653 | _a1. SURVEY OF THE ELEMENTARY PRINCIPLES 2. VARIATIONAL PRINCIPLES AND LAGRANGE’S EQUATIONS 3. THE CENTRAL FORCE PROBLEM 4. THE KINEMATICS OF RIGID BODY MOTION 5. THE RIGID BODY EQUATIONS OF MOTION 6. OSCILLATIONS 7. THE CLASSICAL MECHANICS OF THE SPECIAL THEORY OF RELATIVITY 8. THE HAMILTON EQUATIONS OF MOTION 9. CANONICAL TRANSFORMATIONS 10. HAMILTON–JACOBI THEORY AND ACTION-ANGLE VARIABLES 11. CLASSICAL CHAOS 12. CANONICAL PERTURBATION THEORY 13. INTRODUCTION TO THE LAGRANGIAN AND HAMILTONIAN FORMULATIONS FOR CONTINUOUS SYSTEMS AND FIELDS APPENDIX A EULER ANGLES IN ALTERNATE CONVENTIONS AND CAYLEY–KLEIN PARAMETERS APPENDIX B GROUPS AND ALGEBRAS APPENDIX C SOLUTIONS TO SELECT EXERCISES SELECTED BIBLIOGRAPHY AUTHOR INDEX SUBJECT INDEX | ||
| 942 |
_2ddc _cFPS _02 |
||
| 999 |
_c9287 _d9287 |
||